书目信息 |
| 书名: | The school in the United States | |
| 作者: | James W. Fraser. | |
| 分册号: | ||
| 分册名: | 出版地: | Boston : |
|
| 出版社: | McGraw-Hill | |
| 出版时间: | c2001. | |
| 页数: | xviii, 366 p. ; | |
| 开本: | 24 cm. | |
| 丛书名: | ||
| 中图分类号: | ||
| 科图分类号: | ||
| 其他分类号: | G571.29 | |
| 主题词: | ||
| 电子资源: | ||
| 000 | 00952nam 2200313 a 4500 | |
| 001 | E0759526601 | |
| 003 | OCoLC | |
| 005 | 20070320170955.48 | |
| 008 | 001 0 eng | |
| 008 | uu | |
| 010 | @a00032895 | |
| 020 | @a0072324481 (alk. paper). | |
| 040 | @aDLC @cDLC | |
| 042 | @apcc | |
| 043 | @an-us--- | |
| 049 | @aN5LA | |
| 050 | 00 | @aLA205 @b.F68 2001 |
| 082 | 00 | @a370/.973 @221 |
| 090 | @aG571.29 | |
| 099 | @dG571.29@ex7 | |
| 100 | 1 | @aFraser, James W., @d1944- |
| 245 | 14 | @aThe school in the United States / @cJames W. Fraser. |
| 250 | @a1st ed. | |
| 260 | @aBoston :@bMcGraw-Hill,@cc2001. | |
| 300 | @axviii, 366 p. ;@c24 cm. | |
| 504 | @aIncludes bibliographical references (p. 351-361) and index. | |
| 650 | 0 | @aEducation @zUnited States @xHistory. |
| 650 | 0 | @aSchools @zUnited States @xHistory. @b00 @c20020930 @lNLC09 @h2255 @lNLC09 @h0040 @lNLC09 @h2038 |
| 852 | 9 | @bWWJC @cJ09 @k2-2001 @hG571.29 @iF841S |
| The school in the United States / / James W. Fraser.-1st ed.-Boston : : McGraw-Hill, , c2001. |
| xviii, 366 p. ; ; 24 cm. |
| Includes bibliographical references (p. 351-361) and index. |
| ISBN 0072324481 (alk. paper). |
| ● |
| 相关链接 |
|
|
|
|
正题名:school in the United States
索取号:G571.29/x7
 
预约/预借
| 序号 | 登录号 | 条形码 | 馆藏地/架位号 | 状态 | 备注 |
| 1 | 0002811 | 300028119 | 第四借阅区/ [索取号:G571.29/x7] | 在馆 | |
| 2 | 0003263 | 300032630 | 第二样本阅览室/ [索取号:G571.29/x7] | 在馆 | |
| 3 | 0003264 | 300032649 | 第四借阅区/ [索取号:G571.29/x7] | 在馆 |